Nehmotný majetok podľa súčasnej právnej úpravy v Slovenskej republike a v nadnárodnej harmonizácii účtovníctva

Komparatívna analýza nehmotného majetku ako účtovnej kategórie. Pojmové a obsahové vymedzenie nehmotného majetku, oceňovanie a odpisovanie z hľadiska súčasnej účtovnej legislatívy SR a IAS/IFRS - IAS 38 - nehmotný majetok.

Guardado en:
Detalles Bibliográficos
Autor principal: Baštincová, Anna
Formato: Capítulo de libro
Lenguaje:eslovaco
Materias:
Etiquetas: Agregar Etiqueta
Sin Etiquetas, Sea el primero en etiquetar este registro!

MARC

LEADER 00000naa$a2200000$$$4500
001 0005700
005 20240502071349.8
041 0 |a slo 
044 |a SK 
245 1 0 |a Nehmotný majetok podľa súčasnej právnej úpravy v Slovenskej republike a v nadnárodnej harmonizácii účtovníctva  |c aut. Anna Baštincová 
520 |a Komparatívna analýza nehmotného majetku ako účtovnej kategórie. Pojmové a obsahové vymedzenie nehmotného majetku, oceňovanie a odpisovanie z hľadiska súčasnej účtovnej legislatívy SR a IAS/IFRS - IAS 38 - nehmotný majetok. 
610 2 0 |a majetok nehmotný 
610 2 0 |a úpravy právne 
610 2 0 |a účtovníctvo 
610 2 0 |a účtovníctvo medzinárodné 
610 2 0 |a štandardy účtovné medzinárodné 
610 2 0 |a oceňovanie 
610 2 0 |a odpisy účtovné 
610 2 0 |a Slovensko 
610 2 0 |a IAS 38 
100 1 |a Baštincová, Anna